Adversários do Botafogo em competições da FIFA - Statistics

Estatísticas Gerais
  • Esse quiz foi jogado 25 vezes
  • A pontuação média é 4 de 5
Estatísticas das Respostas
Competição Clube % Correto
Copa do Mundo de Clubes 2025 Paris Saint-Germain
96%
Copa do Mundo de Clubes 2025 Palmeiras
92%
Copa do Mundo de Clubes 2025 Atlético de Madrid
83%
Copa Intercontinental 2024 Pachuca
83%
Copa do Mundo de Clubes 2025 Seattle Sounders
63%
Nenhum quiz correspondente encontrado
Distribuição das Pontuações
Porcentagem de Pessoas com Cada Pontuação
Percentil de Números Respondidos
Sua Pontuação Histórica
Você não jogou esse quiz